<?xml version="1.0" encoding="UTF-8"?>
<record
    xmlns:xsi="http://www.w3.org/2001/XMLSchema-instance"
    xsi:schemaLocation="http://www.loc.gov/MARC21/slim http://www.loc.gov/standards/marcxml/schema/MARC21slim.xsd"
    xmlns="http://www.loc.gov/MARC21/slim">

  <leader>00866nab a2200253 uc4500</leader>
  <controlfield tag="001">773973</controlfield>
  <controlfield tag="005">20250220092112.0</controlfield>
  <controlfield tag="008">020910s2002                        spa  </controlfield>
  <datafield tag="035" ind1=" " ind2=" ">
    <subfield code="a">773973</subfield>
  </datafield>
  <datafield tag="035" ind1=" " ind2=" ">
    <subfield code="a">(OCoLC)819988603</subfield>
  </datafield>
  <datafield tag="040" ind1=" " ind2=" ">
    <subfield code="c">comduadb</subfield>
  </datafield>
  <datafield tag="041" ind1=" " ind2=" ">
    <subfield code="a">spa</subfield>
  </datafield>
  <datafield tag="100" ind1="1" ind2="0">
    <subfield code="a">M&#xE9;ndez Francisco, Luis</subfield>
    <subfield code="4">aut</subfield>
    <subfield code="e">aut</subfield>
    <subfield code="9">361008</subfield>
  </datafield>
  <datafield tag="245" ind1="1" ind2="0">
    <subfield code="a">Globalizacion y desigualdad</subfield>
  </datafield>
  <datafield tag="650" ind1=" " ind2="7">
    <subfield code="a">Globalizaci&#xF3;n</subfield>
    <subfield code="2">lemb</subfield>
    <subfield code="9">15458</subfield>
  </datafield>
  <datafield tag="650" ind1=" " ind2="7">
    <subfield code="a">Desigualdad social</subfield>
    <subfield code="2">lemb</subfield>
    <subfield code="9">15901</subfield>
  </datafield>
  <datafield tag="650" ind1=" " ind2=" ">
    <subfield code="a">Globalizac&#xF3;n - Efectos</subfield>
    <subfield code="9">66557</subfield>
  </datafield>
  <datafield tag="650" ind1=" " ind2=" ">
    <subfield code="a">Foro Social Mundial (2 : 2002 : Porto Alegre )</subfield>
    <subfield code="9">99734</subfield>
  </datafield>
  <datafield tag="650" ind1=" " ind2=" ">
    <subfield code="a">Globalizaci&#xF3;n y sociedad</subfield>
    <subfield code="9">107406</subfield>
  </datafield>
  <datafield tag="650" ind1=" " ind2="7">
    <subfield code="a">Movimiento antiglobalizaci&#xF3;n</subfield>
    <subfield code="2">lemb</subfield>
    <subfield code="9">99737</subfield>
  </datafield>
  <datafield tag="650" ind1=" " ind2=" ">
    <subfield code="a">Globalizaci&#xF3;n y trabajo</subfield>
    <subfield code="9">101542</subfield>
  </datafield>
  <datafield tag="773" ind1="0" ind2=" ">
    <subfield code="t">Cuadernos de Realidades Sociales (Madrid)</subfield>
    <subfield code="g">No. 59-60, Ene. 2002, p. 73-91</subfield>
    <subfield code="w">104436</subfield>
    <subfield code="x">0302-7724</subfield>
    <subfield code="0">92897</subfield>
  </datafield>
  <datafield tag="942" ind1=" " ind2=" ">
    <subfield code="c">ARIMP</subfield>
  </datafield>
  <datafield tag="999" ind1=" " ind2=" ">
    <subfield code="c">262432</subfield>
    <subfield code="d">262432</subfield>
  </datafield>
</record>
